NPB 日本プロ野球 ドボン問題 本塁打王でないのは誰? - Statistics

General Stats
  • This quiz has been taken 3,041 times
  • The average score is 6 of 17
Answers on the Grid
Answers color-coded by a green-red scale on the quiz's grid according to % correct below.
金本知憲
高橋由伸
掛布雅之
長嶋茂雄
清原和博
山田哲人
山﨑武司
衣笠祥雄
張本勲
前田智徳
エルネスト・メヒア
池山隆寛
トーマス・オマリー
大山悠輔
坂本勇人
松井稼頭央
ホセ・ロペス
阿部慎之助
初芝清
レオン・リー
レロン・リー
大谷翔平
広沢克己
近藤健介
 
Answer Stats
Answer % Correct
大谷翔平
57%
大山悠輔
49%
清原和博
44%
松井稼頭央
43%
高橋由伸
42%
坂本勇人
41%
前田智徳
35%
金本知憲
31%
初芝清
31%
ホセ・ロペス
29%
張本勲
27%
阿部慎之助
25%
池山隆寛
24%
トーマス・オマリー
23%
広沢克己
19%
衣笠祥雄
18%
レオン・リー
16%
No matching quizzes found
Score Distribution
Percent of People with Each Score
Percentile by Number Answered
Your Score History
You have not taken this quiz